Spolupráca Svetovej obchodnej organizácie s ostatnými medzinárodnými organizáciami

Svetová obchodná organizácia (WTO), právne východiská spolupráce. Spolupráca s Medzinárodným menovým fondom a Svetovou bankou. Rozdelenie aktivít MMF, Svetovej banky a WTO v záležitostiach svetového obchodu. Vybrané rámce spolupráce medzinárodných organizácií s WTO. Vzťah WTO k Organizácii spojených...

Descripción completa

Guardado en:
Detalles Bibliográficos
Autor principal: Ščepán, Michal
Formato: Capítulo de libro
Lenguaje:eslovaco
Materias:
Etiquetas: Agregar Etiqueta
Sin Etiquetas, Sea el primero en etiquetar este registro!

MARC

LEADER 00000nla$a2200000$$$4500
001 0149716
005 20240502072707.7
041 0 |a slo 
044 |a SK 
245 1 0 |a Spolupráca Svetovej obchodnej organizácie s ostatnými medzinárodnými organizáciami  |c Michal Ščepán 
520 |a Svetová obchodná organizácia (WTO), právne východiská spolupráce. Spolupráca s Medzinárodným menovým fondom a Svetovou bankou. Rozdelenie aktivít MMF, Svetovej banky a WTO v záležitostiach svetového obchodu. Vybrané rámce spolupráce medzinárodných organizácií s WTO. Vzťah WTO k Organizácii spojených národov. 
610 2 0 |a Svetová obchodná organizácia 
610 2 0 |a organizácie obchodu zahraničného 
610 2 0 |a organizácie obchodné 
610 2 0 |a organizácie medzinárodné 
610 2 0 |a spolupráca medzinárodná 
610 2 0 |a obchod svetový 
100 1 |a Ščepán, Michal